000 00341nam a22001457a 4500
008 210322b ||||| |||| 00| 0 eng d
020 _a9780205158058
041 _aeng
080 _23rd
_a159.9
082 _a159.9
100 _a48
101 _aPSI
245 _aFoundations of Physiological Psychology
_cCarlson, N. R
942 _2udc
_cBK
999 _c56667
_d56667